01147nam a2200289 a 450000100060000000300080000600500170001400800410003103500190007204000420009104100080013308200260014110000270016724500840019426000460027830000240032449000300034850000810037865000330045965000580049265000370055071000540058783000390064194200120068099900170069295201480070943702BD-RjUL20211209053735.0160626s1965 enk 000 0 eng  a(BD-RjUL)43820 aDLCcWSUdSERdONSdUKMdBD-RjULbeng aeng a321.021223bCAW 19651 aCamps, Miriam.913429310aWhat kind of Europe? :bThe community since De Gaulle's veto /cby Miriam Camps aLondon :bOxford University Press,c1965. ax, 140 p. ;c19 cm.1 aChatham House essays ;v8 a"Issued under the auspices of the Royal Institute of International Affairs." 0aEuropean federation.9134294 0aEurope. Politique générale. Après 1960.9134295 0aEurope. Marché commun.91342962 aRoyal Institute of International Affairs.9134297 0aChatham House essays ;v8.9129267 2ddccBK c43702d43702 00102ddc40708NFICaRUCLbRUCLcStackd1967-03-01eBatighar, Chittagongg8.50l0o321.021 CAW 1965r2016-06-26 00:00:00tC-2w2016-06-26yBK